Alamat ng butiki : (Record no. 110475)
[ view plain ]
| 000 -LEADER | |
|---|---|
| fixed length control field | 00368nam a2200133 a 4500 |
| 005 - DATE AND TIME OF LATEST TRANSACTION | |
| control field | 20140414131856.0 |
| 008 - FIXED-LENGTH DATA ELEMENTS--GENERAL INFORMATION | |
| fixed length control field | 100828s19uu xx 00 eng d |
| 050 ## - LIBRARY OF CONGRESS CALL NUMBER | |
| Classification number | FIL |
| Item number | Al1 2007 |
| 100 ## - MAIN ENTRY--PERSONAL NAME | |
| Personal name | Villanueva, Rene O. |
| 245 ## - TITLE STATEMENT | |
| Title | Alamat ng butiki : |
| Remainder of title | The legend of the house lizard. |
| 260 ## - PUBLICATION, DISTRIBUTION, ETC. (IMPRINT) | |
| Place of publication, distribution, etc | Manila, Philippines : |
| Name of publisher, distributor, etc | Lampara, |
| Date of publication, distribution, etc | 2007. |
| 440 ## - SERIES STATEMENT/ADDED ENTRY--TITLE | |
| Title | |
| Withdrawn status | Lost status | Damaged status | Home library | Current library | Shelving location | Date acquired | Total Checkouts | Full call number | Barcode | Date last seen | Price effective from | Koha item type |
|---|---|---|---|---|---|---|---|---|---|---|---|---|
| Munich Library | Munich Library | Filipiniana Section | 08/28/2010 | FIL Al1 2007 | M0890 | 04/14/2014 | 04/14/2014 | Books |